<?xml version='1.0' encoding='UTF-8'?>
  <record xmlns="http://www.loc.gov/MARC21/slim">
    <leader>00000cam a22000007i 4500</leader>
    <controlfield tag="001">ocn907614767</controlfield>
    <controlfield tag="003">OCoLC</controlfield>
    <controlfield tag="005">20241217022733.9</controlfield>
    <controlfield tag="008">870319s1870    ne            000 0 fry d</controlfield>
    <datafield tag="040" ind1=" " ind2=" ">
      <subfield code="a">NLGGC</subfield>
      <subfield code="b">dut</subfield>
      <subfield code="e">fobidrtb</subfield>
      <subfield code="c">NLGGC</subfield>
      <subfield code="d">OCLCO</subfield>
      <subfield code="d">OCLCL</subfield>
      <subfield code="d">OCLCQ</subfield>
    </datafield>
    <datafield tag="029" ind1="0" ind2=" ">
      <subfield code="a">NLGGC</subfield>
      <subfield code="b">037047019</subfield>
    </datafield>
    <datafield tag="035" ind1=" " ind2=" ">
      <subfield code="a">(OCoLC)907614767</subfield>
    </datafield>
    <datafield tag="100" ind1="1" ind2=" ">
      <subfield code="a">Dykstra, Waling</subfield>
      <subfield code="q">(Waling Gerrits),</subfield>
      <subfield code="d">1821-1914.</subfield>
      <subfield code="1">https://id.oclc.org/worldcat/entity/E39PBJmtvCgVvFJYgpxphcFqcP</subfield>
    </datafield>
    <datafield tag="245" ind1="1" ind2="3">
      <subfield code="a">De frymitseler fen Jinsenbûrren :</subfield>
      <subfield code="b">in folksforhael /</subfield>
      <subfield code="c">fry biwirke nei 't Heechdûtsk fen Franz Michael Felder tröch Waling Dykstra.</subfield>
    </datafield>
    <datafield tag="260" ind1=" " ind2=" ">
      <subfield code="a">To Freantsjer :</subfield>
      <subfield code="b">by T. Telenga,</subfield>
      <subfield code="c">1870.</subfield>
    </datafield>
    <datafield tag="300" ind1=" " ind2=" ">
      <subfield code="a">[6], 210 p. ;</subfield>
      <subfield code="c">19 cm.</subfield>
    </datafield>
    <datafield tag="336" ind1=" " ind2=" ">
      <subfield code="a">tekst</subfield>
      <subfield code="b">txt</subfield>
      <subfield code="2">rdacontent/dut</subfield>
    </datafield>
    <datafield tag="337" ind1=" " ind2=" ">
      <subfield code="a">zonder medium</subfield>
      <subfield code="b">n</subfield>
      <subfield code="2">rdamedia/dut</subfield>
    </datafield>
    <datafield tag="338" ind1=" " ind2=" ">
      <subfield code="a">band</subfield>
      <subfield code="b">nc</subfield>
      <subfield code="2">rdacarrier/dut</subfield>
    </datafield>
    <datafield tag="530" ind1=" " ind2=" ">
      <subfield code="a">Ook beschikbaar in microvorm.</subfield>
    </datafield>
    <datafield tag="530" ind1=" " ind2=" ">
      <subfield code="a">Boek wordt verfilmd Metamorfoze UBU.</subfield>
    </datafield>
    <datafield tag="530" ind1=" " ind2=" ">
      <subfield code="a">Titel is geselecteerd voor digitalisering voor de Universiteit van Amsterdam in het kader van het Google Books-project.</subfield>
    </datafield>
    <datafield tag="533" ind1=" " ind2=" ">
      <subfield code="a">Reproduction.</subfield>
      <subfield code="n">Digitaal beschikbaar.</subfield>
    </datafield>
    <datafield tag="700" ind1="1" ind2=" ">
      <subfield code="a">Felder, Franz Michael,</subfield>
      <subfield code="d">1839-1869.</subfield>
      <subfield code="1">https://id.oclc.org/worldcat/entity/E39PBJqfCXjw9g7rfht4fGF9Xd</subfield>
    </datafield>
    <datafield tag="758" ind1=" " ind2=" ">
      <subfield code="a">De frymitseler fen Jinsenbûrren (Text)</subfield>
      <subfield code="1">https://id.oclc.org/worldcat/entity/E39PCFF8d8HDfyG9wc3TGGQC73</subfield>
      <subfield code="4">https://id.oclc.org/worldcat/ontology/hasWork</subfield>
    </datafield>
    <datafield tag="776" ind1="0" ind2=" ">
      <subfield code="t">De frymitseler fen Jinsenbûrren</subfield>
      <subfield code="w">(NL-LeOCL)401704386</subfield>
    </datafield>
    <datafield tag="776" ind1="0" ind2=" ">
      <subfield code="t">De frymitseler fen Jinsenbûrren</subfield>
      <subfield code="w">(NL-LeOCL)423486764</subfield>
    </datafield>
    <datafield tag="787" ind1="1" ind2="8">
      <subfield code="i">Bew. van:</subfield>
      <subfield code="t">Sonderlinge : Bregenzerwälder Lebens- und Charakterbilder</subfield>
    </datafield>
    <datafield tag="936" ind1=" " ind2=" ">
      <subfield code="a">BATCHLOAD</subfield>
    </datafield>
  </record>